| 000 | 01898nam0a2200337 4500 | ||
|---|---|---|---|
| 001 | RU\NLR\bibl\1273925 | ||
| 005 | 20260407190311.0 | ||
| 010 |
_a978-5-94301-062-0 _9300 |
||
| 021 |
_aRU _b2008-57040 _93175 |
||
| 035 | _a(NLR Aleph) 001259772 | ||
| 090 |
_a371667 _c371667 |
||
| 100 | _a20080916d2008 |||y0rusy50 ca | ||
| 101 | 0 | _arus | |
| 102 | _aRU | ||
| 105 | _aa ||||||||| | ||
| 200 | 1 |
_aСборник материалов I Всероссийской научно-практической конференции "Математические методы в технических и социально-экономических системах", 25 апреля 2008 г. _fпод общ. ред. к.э.н. С.С. Чернова |
|
| 210 |
_aНовосибирск _cЦРНС _d2008 |
||
| 215 |
_a106 с. _cил. _d20 |
||
| 300 | _aВ надзаг.: Центр развития науч. сотрудничества | ||
| 320 | _aБиблиогр. в конце ст. | ||
| 606 | 1 |
_aТехнические системы _jСъезды, совещания и т.п. _xМатематическое моделирование _92069232 _3RU\NLR\auth\661243928 |
|
| 606 | 1 |
_aСоциально-экономические системы _jСъезды, совещания и т.п. _xМатематическое моделирование _92182253 _3RU\NLR\auth\661312226 |
|
| 686 | _aЖ.с116я431 | ||
| 686 | _aУ.в611я431 | ||
| 686 | _aУ010.5в611я431 | ||
| 710 | 1 | 2 |
_a"Математические методы в технических и социально-экономических системах", всероссийская научно-практическая конференция _d1 _f2008 _eНовосибирск _3RU\NLR\AUTH\8810123014 _9743900 |
| 801 | 0 |
_aRU _bNLR _c20080916 _gRCR |
|
| 801 | 1 |
_aRU _bNLR _c20080916 |
|
| 942 | _cBOOK | ||
| 980 | _aNB | ||